000 00191 a2200097 4500
020 _a9780590940511
041 _aspa
100 _aScholastic
245 _aEstaba el seò¨r Don Gato
942 _cBK
999 _c9452
_d9452